| 000 | 01123nmc a2200385 a 4500 | ||
|---|---|---|---|
| 003 | AR-BaBNM | ||
| 005 | 20251128202718.0 | ||
| 008 | 155020s2002 ||||||||||||||000 | spa|| | ||
| 020 | _a950-9467-85-5 | ||
| 040 | _cAR-BaBNM | ||
| 100 | 1 | _aAlonso, Graciela | |
| 245 | 1 | 0 | _aHacia una pedagogía de las experiencias de las mujeres |
| 250 | _a1ª ed. | ||
| 260 |
_aBuenos Aires _bMiño y Dávila _c2002 |
||
| 300 | 0 | _a187 p. | |
| 490 | 0 | _aEducación, crítica & debate | |
| 504 | _aBibliografía en p. 179-187 | ||
| 650 | 4 | _aPEDAGOGIA | |
| 650 | 4 | _aFEMINISMO | |
| 650 | 4 | _aEDUCACION DE LA MUJER | |
| 650 | 4 | _aHOMOSEXUALIDAD | |
| 650 | 4 | _aDISCRIMINACION SEXUAL | |
| 653 | 0 | _aGENERO | |
| 700 | 1 | _aDíaz, Raúl | |
| 700 | 1 |
_aFlores, Valeria _ecolaborador |
|
| 700 | 1 |
_aZurbriggen, Ruth _ecolaborador |
|
| 700 | 1 |
_aRodríguez de Anca, Alejandra _ecolaborador |
|
| 700 | 1 |
_aMombello, Laura _ecolaborador |
|
| 700 | 1 |
_aPipo, Celina _ecolaborador |
|
| 700 | 1 |
_aGonzález, Andrea _ecolaborador |
|
| 700 | 1 |
_aMorgade, Graciela _eprologuista |
|
| 800 | 1 | _aGentili, Pablo | |
| 942 | _cBK | ||
| 998 | _cme-solo cat | ||
| 999 |
_c212 _d212 |
||